00559nam a2200157Ia 4500008004100000041000800041082001000049100002800059260002600087245009100113250000600204300000700210650002600217999001700243952014100260220805s9999 xx 000 0 und d amar a371.8 aKasande, Pallavi988794 aMumbaibMadhurac2006 aस्व अभ्यास तंत्र मंत्र (Swa Abhas Tantra Mantra) a1 a95 aSelf Education988795 c48854d48854 001040708ReadingaMNVTbMNVTd2022-08-09eDonatedg70.00o371.8/KAS/DB1485pMNVT-DB-1485r2022-08-09 00:00:00w2022-08-09yDBzDB1485